To Be Or Not To Be Quiz Stats

 Plays Quiz Updated Jan 30, 2019

     
Support Sporcle.
Go Orange.
Score 0/163 Timer 07:00
1 Play Today
% Correct
to
98.2%
be
97.5%
or
96.1%
the
95.1%
no
95%
is
91.6%
that
90.1%
question
88.9%
a
80%
not
75.7%
whether
63.1%
nobler
60.4%
in
57.9%
'tis
57.4%
and
56.4%
for
56.2%
of
55.9%
arrows
47.7%
mind
47.2%
slings
46.7%
suffer
45.3%
fortune
40.9%
sleep
40.9%
outrageous
40.1%
die
38.4%
we
38.2%
he
38%
them
36.4%
dream(s)
36.3%
by
33%
there's
32.5%
end
32.3%
what
32.1%
perchance
30.1%
when
29.4%
take(s)
29.3%
death
29%
so
28.5%
sea
28%
arms
28%
against
27.4%
this
26.6%
opposing
26.5%
troubles
26%
more
25.7%
who
25.1%
rub
24.2%
you
23.2%
man's
23.1%
life
23.1%
come
23%
have
22.7%
ay
22.6%
may
22.1%
us
21.5%
% Correct
love
20.9%
off
20.1%
all
20%
mortal
19.9%
coil
19.5%
would
18.4%
my
18.1%
but
17.7%
will
17.5%
give
17.2%
must
16.2%
make(s)
15.9%
say
15.9%
shuffled
15.6%
time
15.5%
with
15.3%
bear
15.2%
his
15.1%
thousand
14.6%
flesh
14.5%
pause
14.2%
from
13.7%
natural
13.7%
heir
13.6%
shocks
13.4%
wish'd
12.9%
thy
12.9%
heart-ache
12.8%
devoutly
12.8%
after
12.5%
bodkin
12.1%
than
12.1%
bare
12%
consummation
11.9%
long
11.8%
whips
11.6%
know
11.6%
scorns
11.3%
proud
11.1%
contumely
10.8%
calamity
10.6%
wrong
10.5%
o'er
10.5%
does
10.4%
under
10.3%
Ophelia
10.3%
country
10.2%
might
9.9%
thus
9.9%
pangs
9.8%
their
9.8%
fardels
9.8%
oppressor's
9.5%
respect
9.5%
law's
9.5%
% Correct
quietus
9.2%
undiscover'd
9.2%
delay
9.2%
traveller
9.1%
disprized
9.1%
returns
9.1%
office
9%
now
9%
those
9%
cowards
8.9%
insolence
8.6%
others
8.5%
thought
8.3%
whose
8.3%
sweat
8.3%
grunt
8.2%
conscience
8.2%
himself
8%
weary
7.9%
sins
7.9%
bourn
7.8%
something
7.8%
merit
7.8%
patient
7.7%
name
7.7%
unworthy
7.6%
fly
7.2%
fair
7.1%
great
6.9%
action
6.8%
spurns
6.8%
rather
6.6%
cast
6.6%
dread
6.6%
puzzles
6.5%
ills
6.3%
lose
6.2%
nymph
6.1%
hue
6%
pale
5.8%
soft
5.8%
resolution
5.7%
remember'd
5.7%
native
5.6%
orisons
5.5%
sicklied
5.2%
pitch
5.2%
moment
5.1%
awry
5%
enterprises
5%
turn
4.9%
currents
4.6%
regard
4.1%

From the Vault

Picture Me!

by PenguinsMeercats

This will rock your world!
Remove Ads.
Support Sporcle.
Get the best of Sporcle when you Go Orange. This ad-free experience offers more features, more stats, and more fun while also helping to support Sporcle. Thank you for becoming a member.

Show Comments

Extras

Top Quizzes Today


Score Distribution

Your Account Isn't Verified!

In order to create a playlist on Sporcle, you need to verify the email address you used during registration. Go to your Sporcle Settings to finish the process.

Report this User

Report this user for behavior that violates our Community Guidelines.

Details: